School counseling : problems and methods (Record no. 1366360)

MARC details
000 -LEADER
fixed length control field 00645nam a2200217Ia 4500
005 - DATE AND TIME OF LATEST TRANSACTION
control field 20250508160736.0
008 - FIXED-LENGTH DATA ELEMENTS--GENERAL INFORMATION
fixed length control field 008 250505s9999 xx 000 0 eng d
020 ## - INTERNATIONAL STANDARD BOOK NUMBER
International Standard Book Number 0-87620-831-6
037 ## - SOURCE OF ACQUISITION
Stock number Textual
040 ## - CATALOGING SOURCE
Original cataloging agency FEDL
Language of cataloging eng
Transcribing agency FEDL
041 ## - LANGUAGE CODE
Language code of text/sound track or separate title eng
Source of code eng
084 ## - COLON CLASSIFICATION NUMBER
Classification number 371.42, MYR
Assigning agency FEDL
100 ## - MAIN ENTRY--PERSONAL NAME
Personal name Myrick Robert D
9 (RLIN) 769257
245 #0 - TITLE STATEMENT
Title School counseling : problems and methods
260 ## - PUBLICATION, DISTRIBUTION, ETC.
Place of publication, distribution, etc. Pacific Palisades
Name of publisher, distributor, etc. Goodyear Publishing Company, Inc
Date of publication, distribution, etc. 1972
300 ## - PHYSICAL DESCRIPTION
Extent viii,199p
490 ## - SERIES STATEMENT
Series statement Goodyear education series
700 ## - ADDED ENTRY--PERSONAL NAME
Personal name Wittmer Joe
9 (RLIN) 769258
942 ## - ADDED ENTRY ELEMENTS (KOHA)
Koha item type Textual
Classification part 371.42, MYR
Holdings
Withdrawn status Lost status Damaged status Not for loan Home library Current library Date acquired Total Checkouts Full call number Barcode Date last seen Price effective from Koha item type
        Department of Education Library Department of Education Library 2025-05-08   371.42, MYR EL0053022 2025-05-08 2025-05-08 Textual
Copyright @ Delhi University Library System